Statistics for NBA Players from Clemson

Click here to take the quiz!

General Stats

  • This quiz has been taken 27 times
    (7 since last reset)
  • The average score is 9 of 20

Answer Stats

PositionPlayerDraft Year% Correct
FHarvey Grant1988
83%
PFHorace Grant1987
83%
FHunter Tyson2023
83%
CTree Rollins1977
83%
FJaron Blossomgame2017
67%
GFGreg Buckner1998
50%
GFK.J. McDaniels2014
50%
PFSharone Wright1994
50%
PFTrevor Booker2010
50%
PGChris Whitney1993
33%
FCDale Davis1991
33%
FDevin Gray1995
33%
PFDonte Grantham2018
33%
FCElden Campbell1990
33%
PFHarold Jamison1999
33%
PFLarry Nance1981
33%
GWill Solomon2001
33%
GMitchell Wiggins1983
17%
FOlivier-Maxence Prosper2023
17%
PFSharrod Ford2005
17%

Score Distribution

Percentile by Number Answered

Percent of People with Each Score

Your Score History

You have not taken this quiz since the last reset